000 00511nam a2200181Ia 4500
001 21130
005 20260306172856.0
008 260306t2007||||xx |||||||||||||| ||spa||
041 _aESP
082 _a344
_bU97
100 _aUrquizo Olaechea, José
_eAUT
245 0 _aModernas tendencias de dogmática penal y política criminal:
_blibro homenaje al Dr. Juan Bustos Ramírez
260 _c2007
300 _axxix, 1077 páginas :
_c24 cm.
650 _aGEN
654 _aCDE
942 _cLIB
_dJUS
_fJUS
_2ddc
_n
999 _c21130
_d21130